• 首页
  • 本馆介绍
  • 公告通知
  • 最新文献
  • 馆藏检索
  • 电子资源
  • 读者导购
  • 参考咨询
  • 我的图书馆
  • 登录
  • 详细信息显示
  • 放入我的书架
  • 预约/预借图书
  • 作者相关作品
  • 分类相关作品
  • 丛书相关作品
  • 出版社相关作品

书目信息

  • 表格格式
  • 工作单格式
  • 卡片格式
题名:
布局天下
    
 
作者: 唐益政 , 张宗胜 , 崔昌华 主编 ;大学生形势与政策教育教学研究课题组 编
分册:  
出版信息: 北京   中国民主法制出版社  2017
页数: 131页
开本: 26cm
丛书名:
单 册:
中图分类: G641.4
科图分类:
主题词: 时事政策教育--高等教育--教材
电子资源:
ISBN: 978-7-5162-1461-9
000 01430nam0 2200301 450
001 012001003008
005 20131101104620.0
010    @a978-7-5162-1461-9@dCNY19.80
100    @a20181010d2017 em y0chiy50 ea
101 0  @achi
102    @aCN@b110000
105    @aa z 000yy
106    @ar
200 1  @a布局天下@9bu ju tian xia@e大学生形势与政策教育读本@e2017春季版@f唐益政,张宗胜,崔昌华主编
210    @a北京@c中国民主法制出版社@d2017
215    @a131页@c图@d26cm
300    @a普通高等教育“十三五”规划教材 中国青年思想政治教育英才培养工程大学生思想政治教育系列教材
314    @a封面题:大学生形势与政策教育教学研究课题组编
330    @a本书共包括8个专题和时事测评试题,每个专题由“导语”“想一想”“拓展训练”等几个方面的内容组成。这些内容涵盖了最新的国内外大事,包括党的重大方针和政策、政治经济形势以及当前国际形势、大国之间的关系、我国的对外政策等多个方面的内容,全面、深刻地解读了2016年11月-2017年1月近半年的国际形势与动态。
517 1  @a大学生形势与政策教育读本@9da xue sheng xing shi yu zheng ce jiao yu du ben
606 0  @a时事政策教育@x高等教育@j教材
690    @aG641.4@v5
701  0 @a唐益政@9tang yi zheng@4主编
701  0 @a张宗胜@9zhang zong sheng@4主编
701  0 @a崔昌华@9cui chang hua@4主编
712 02 @a大学生形势与政策教育教学研究课题组@9da xue sheng xing shi yu zheng ce jiao yu jiao xue yan jiu ke ti zu@4编
801  0 @aCN@b江苏凤凰@c20191020
905    @b1231613-6@dG641.4@e1462@f4
    
    布局天下:大学生形势与政策教育读本:2017春季版/唐益政,张宗胜,崔昌华主编.-北京:中国民主法制出版社,2017
    131页:图;26cm
    普通高等教育“十三五”规划教材 中国青年思想政治教育英才培养工程大学生思想政治教育系列教材
    
    ISBN 978-7-5162-1461-9:CNY19.80
    本书共包括8个专题和时事测评试题,每个专题由“导语”“想一想”“拓展训练”等几个方面的内容组成。这些内容涵盖了最新的国内外大事,包括党的重大方针和政策、政治经济形势以及当前国际形势、大国之间的关系、我国的对外政策等多个方面的内容,全面、深刻地解读了2016年11月-2017年1月近半年的国际形势与动态。
●
相关链接 在E读中查询图书 在五车中查询图书 在当当中查询图书 在豆瓣中查询图书


正题名:布局天下     索取号:G641.4/1462         预约/预借

序号 登录号 条形码 馆藏地/架位号 状态 备注
1 1231613   212316135   第一样本阅览室/ [索取号:G641.4/1462] 在馆    
2 1231614   212316144   教育系资料室/ [索取号:G641.4/1462] 在馆    
3 1231615   212316153   教育系资料室/ [索取号:G641.4/1462] 在馆    
4 1231616   212316162   第四借阅区/ [索取号:G641.4/1462] 在馆    
唐山师范学院图书馆 欢迎您!
大连网信软件有限公司© 版权所有